[Event "BUL-chT"]
[Site "Sofia"]
[Date "1991.??.??"]
[Round "3"]
[White "Grigorov, Jordan N"]
[Black "Ninov, Kiril"]
[Result "1-0"]
[WhiteElo "2385"]
[BlackElo "2405"]
[PlyCount "75"]
[EventDate "1991.??.??"]
[EventType "team"]
[EventRounds "11"]
[EventCountry "BUL"]
[SourceTitle "EXT 1997"]
[Source "ChessBase"]
[SourceDate "1996.11.15"]
[SourceVersion "1"]
[SourceVersionDate "1996.11.15"]
[SourceQuality "1"]

1. e4 c5 2. Nf3 e6 3. d4 cxd4 4. Nxd4 Nc6 5. g3 Nxd4 6. Qxd4 Ne7 7. Bg2 Nc6 8. Qd1 b5 9. 0-0 Bc5 10. Bf4 e5 11. Qd5 Qe7 12. Bg5 f6 13. Be3 Bxe3 14. fxe3 Ba6 15. Rd1 Rc8 16. Bh3 Rc7 17. a3 Nb8 18. Nc3 Qc5 19. Qxc5 Rxc5 20. Rd5 Rxd5 21. exd5 Ke7 22. Bf1 Rc8 23. e4 d6 24. Kf2 Rc5 25. Ke3 Nd7 26. a4 b4 27. Bxa6 bxc3 28. b4 Rc7 29. Bb5 Nb6 30. a5 Nc4+ 31. Ke2 Nd2 32. Bc6 Nxe4 33. b5 Rc8 34. b6 a6 35. Bb7 Rb8 36. Bxa6 Nc5 37. Bb5 Nd7 38. Bxd7 1-0

[Event "BUL-ch 22nd"]
[Site "Pazardzik"]
[Date "1991.??.??"]
[Round "4"]
[White "Grigorov, Jordan N"]
[Black "Topalov, Veselin"]
[Result "1-0"]
[WhiteElo "2385"]
[BlackElo "2455"]
[PlyCount "80"]
[EventDate "1991.??.??"]
[EventType "swiss"]
[EventRounds "10"]
[EventCountry "BUL"]
[SourceTitle "TD"]
[Source "ChessBase"]
[SourceDate "1994.03.01"]
[SourceVersion "1"]
[SourceVersionDate "1994.03.01"]
[SourceQuality "1"]

1. e4 c5 2. Nc3 Nc6 3. Nge2 d6 4. d4 cxd4 5. Nxd4 Nf6 6. g3 Bg4 7. f3 Bd7 8. Be3 a6 9. g4 e6 10. g5 Nh5 11. f4 Nxd4 12. Qxd4 h6 13. h4 Ng3 14. Rg1 Nxf1 15. Rxf1 hxg5 16. hxg5 Qa5 17. 0-0-0 Rh4 18. Rh1 Rxh1 19. Rxh1 0-0-0 20. a4 Qc7 21. Rh8 Qc5 22. Rh7 Re8 23. e5 Bc6 24. exd6 Qxd4 25. Bxd4 Bxd6 26. Be5 Bxe5 27. fxe5 Rg8 28. b4 Kd8 29. b5 axb5 30. axb5 Bd7 31. Kb2 Ke7 32. Kb3 Rc8 33. Kb4 b6 34. Rxg7 Rc5 35. g6 Be8 36. gxf7 Bxf7 37. Na4 Rxc2 38. Nxb6 Ke8 39. Nc4 Bh5 40. b6 Be2 1-0

[Event "BUL-ch 22nd"]
[Site "Pazardzik"]
[Date "1991.??.??"]
[Round "5"]
[White "Kurtenkov, Atanas"]
[Black "Grigorov, Jordan N"]
[Result "1/2-1/2"]
[WhiteElo "2365"]
[BlackElo "2385"]
[PlyCount "20"]
[EventDate "1991.??.??"]
[EventType "swiss"]
[EventRounds "10"]
[EventCountry "BUL"]
[SourceTitle "TD"]
[Source "ChessBase"]
[SourceDate "1994.03.01"]
[SourceVersion "1"]
[SourceVersionDate "1994.03.01"]
[SourceQuality "1"]

1. d4 d5 2. c4 e6 3. Nc3 Nf6 4. Nf3 Be7 5. cxd5 exd5 6. Bg5 c6 7. e3 Bf5 8. Bd3 Bxd3 9. Qxd3 Nbd7 10. 0-0 0-0 1/2-1/2